000 01163naa a22003017a 4500
001 BR8200071
003 BR-BrBNA
005 20250721143149.0
007 ta
008 250630b bl.|||m| |||| 00| 0 por d
040 _aBR-BrBNA
_bpor
_cBiblioteca Nacional de Agricultura
041 _a(Pt)
072 _aB50; F00
_b0220
_b8961
090 _aB50 BR8200071
100 1 _aCordeiro, D.S.
245 1 _aEvolucao da cultura [Producao vegetal; Beterraba acucareira; Beta vulgaris; Alcool]
246 1 _a[Crop evolution [Plant production; Sugar beetroot; Beta vulgaris; Alcohol]]
246 1 _a[Sugar beetroot Beta vulgaris L.]
500 _aA cultura da beterraba acucareira Beta vulgaris L. Pelotas, RS (Brasil): 1981. p. 7-9 (BR8200071-AMS)
773 0 _tA cultura da beterraba acucareira Beta vulgaris L.
_wB50 BR8200071
_gPelotas, RS (Brasil), 1981. p. 7-9
650 _aHistoria
650 _aProducao vegetal
650 _aBeterraba acucareira
650 _aAlcool
490 _aCircular Tecnica - Unidade de Execucao de Pesquisa de Ambito Estadual de Pelotas (Brazil)
_vno. 13
942 _cAMS
_2AGRIS
909 _a202506
_bLúcia
_c55
_dLúcia Elande
999 _c334042
_d334042